000 00662nam a2200289Ia 4500
005 20260324123957.0
008 008 260324s9999 xx 000 0 eng d
020 _a9781003116554
037 _aEBOOK
040 _aCRL
040 _beng
040 _cCRL
041 _2eng
041 _aeng
084 _qCRL
100 _aMartin Hirst
_91172380
245 0 _aNews 2.0
245 0 _bCan journalism survive the Internet?
260 _bTaylor and Francis
260 _c2011
365 _a
365 _b230
856 _uhttp://www.taylorfrancis.com/books/9781003116554
942 _cEBOOK
999 _c1766364
_d1766364